The 15th Southeast Asian healthcare & pharma show 2012 ( 17 - 19 April 2012 : Kuala lumpur , KLCC ).
| Format: | Book |
|---|---|
| Published: |
[S.l]:
[s.n],
2012.
|
| Subjects: |
| LEADER | 00471cam a2200133 7i4500 | ||
|---|---|---|---|
| 001 | 0000027891 | ||
| 005 | 20120731090000.0 | ||
| 090 | 0 | 0 | |a SEA 362.1025 |b SOU |
| 245 | 0 | 4 | |a The 15th Southeast Asian healthcare & pharma show 2012 ( 17 - 19 April 2012 : Kuala lumpur , KLCC ). |
| 260 | 0 | 0 | |a [S.l]: |b [s.n], |c 2012. |
| 300 | # | # | |a 70 p. |
| 650 | 0 | 0 | |a Medical care -- |x Directories -- |z Southeast Asian |
| 651 | 0 | 0 | |a Southeast Asian |
| 999 | |a 0000030417 |b Directories |c Regions |e Business Information Centre | ||